Val de Marne - Statistiques

Statistiques générales
  • Ce quiz a été pris 59 fois
  • Le résultat moyen est 11 sur 20
Statistiques - réponses
Hint Réponse % Correct
Commune sur laquelle est situé un grand marché international Rungis
92%
Nombre de lignes de métro traversant le département 4
86%
Nombre de lignes de tramway desservant le département 2
84%
Commune la plus peuplée et la plus grande en superficie Vitry sur Seine
80%
Code postal de Créteil 94 000
78%
Un des centres commerciaux les plus importants de la région Créteil Soleil
76%
Suffixe des communes comme Sucy, Marolles ou La Queue -en Brie
73%
Affluent important de la Seine Marne
73%
Ligne de bus à haut service la plus fréquentée d'Europe TVM
65%
Terminus Sud du RER A Boissy Saint Léger
61%
Sous préfecture à l'Est Nogent sur Marne
53%
Commune la plus dense en habitants Vincennes
51%
Terminus Est du métro 7 Mairie d'Ivry
49%
Commune surnommée "Le Neuilly de l'Est parisien" en raison du haut revenu de ses habitants Saint Mandé
43%
Centre commercial à Arcueil La Vache Noire
37%
Terminus Sud du Câble téléphérique 1 Villa Nova
24%
Gare de RER situé à Champigny sur Marne Boullereaux-Champigny
22%
Gentilés de Saint Maur des Fossés Saint mauriens
22%
Parc important à Valenton Parc départemental de la Plage Bleue
18%
Commune la plus au Sud-Est Périgny sur Yerres
16%
Aucun quiz correspondant
Distribution des résultats
% des personnes avec chaque résultat
Percentile par nombre de réponses
Votre historique - résultats
Vous n’avez pas pris ce quiz